| 000 | 00604nam a22001457a 4500 | ||
|---|---|---|---|
| 999 |
_c13920 _d13920 |
||
| 008 | 190517b ||||| |||| 00| 0 eng d | ||
| 082 |
_22019 _aUT 1319 _bA39 |
||
| 100 |
_aAlgabre, Jaycell. _938761 |
||
| 245 |
_aA need analaysis of english for specific purposes of bachelor of science in criminology program in UMDC: _bbasis for intervention plan / _cJaycell Algabre, Jade Mar P. Balabad, and Nards Ian G. Bualan. |
||
| 260 |
_aDigos City: _bUMDC, _cMarch 2019. |
||
| 300 |
_a67 pages; _c30 cm. |
||
| 650 |
_aEnglish _xUndergraduate thesis. _938742 |
||
| 700 |
_aBaladad, Jade Mar P. _938762 |
||
| 942 |
_2ddc _cUT |
||